| 000 -LEADER |
| fixed length control field |
01410cam a22004097i 4500 |
| 001 - CONTROL NUMBER |
| control field |
20579394 |
| 003 - CONTROL NUMBER IDENTIFIER |
| control field |
NUST |
| 005 - DATE AND TIME OF LATEST TRANSACTION |
| control field |
20190709051627.0 |
| 007 - PHYSICAL DESCRIPTION FIXED FIELD--GENERAL INFORMATION |
| fixed length control field |
cr ||||||||||| |
| 008 - FIXED-LENGTH DATA ELEMENTS--GENERAL INFORMATION |
| fixed length control field |
180712s2018 pk ob 000 0 eng |
| 010 ## - LIBRARY OF CONGRESS CONTROL NUMBER |
| LC control number |
2018306386 |
| 020 ## - INTERNATIONAL STANDARD BOOK NUMBER |
| International Standard Book Number |
9789699370298 |
| 038 ## - RECORD CONTENT LICENSOR |
| Staff Name |
Muhammad Ibrahim |
| 040 ## - CATALOGING SOURCE |
| Original cataloging agency |
DLC |
| Language of cataloging |
eng |
| Transcribing agency |
DLC |
| Description conventions |
rda |
| 042 ## - AUTHENTICATION CODE |
| Authentication code |
lcode |
| 043 ## - GEOGRAPHIC AREA CODE |
| Geographic area code |
a-pk--- |
| 050 00 - LIBRARY OF CONGRESS CALL NUMBER |
| Classification number |
LC910.P3 |
| 082 ## - DEWEY DECIMAL CLASSIFICATION NUMBER |
| Classification number |
370.95491 |
| Author Mark |
AFT 2018 |
| 245 00 - TITLE STATEMENT |
| Title |
After study hours : |
| Remainder of title |
exploring the Madrassah mindset. |
| 246 30 - VARYING FORM OF TITLE |
| Title proper/short title |
Exploring the Madrassah mindset |
| 250 ## - EDITION STATEMENT |
| Edition statement |
Edition first. |
| 264 #1 - PRODUCTION, PUBLICATION, DISTRIBUTION, MANUFACTURE, AND COPYRIGHT NOTICE |
| Place of production, publication, distribution, manufacture |
Islamabad : |
| Name of producer, publisher, distributor, manufacturer |
Pak Institute for Peace Studies, |
| Date of production, publication, distribution, manufacture, or copyright notice |
2018. |
| 300 ## - PHYSICAL DESCRIPTION |
| Extent |
1 online resource (132 pages) : |
| Other physical details |
color illustrations, digital, PDF file |
| 336 ## - CONTENT TYPE |
| Content type term |
text |
| Source |
rdacontent |
| 337 ## - MEDIA TYPE |
| Media type term |
computer |
| Source |
rdamedia |
| 338 ## - CARRIER TYPE |
| Carrier type term |
online resource |
| Source |
rdacarrier |
| 504 ## - BIBLIOGRAPHY, ETC. NOTE |
| Bibliography, etc. note |
Includes bibliographical references. |
| 588 ## - SOURCE OF DESCRIPTION NOTE |
| Source of description note |
Title from PDF file as viewed on 7/12/2018. |
| 650 #0 - SUBJECT ADDED ENTRY--TOPICAL TERM |
| Topical term or geographic name entry element |
Islamic education |
| Geographic subdivision |
Pakistan. |
| 9 (RLIN) |
17113 |
| 650 #0 - SUBJECT ADDED ENTRY--TOPICAL TERM |
| Topical term or geographic name entry element |
Islamic religious education |
| Geographic subdivision |
Pakistan. |
| 9 (RLIN) |
17084 |
| 650 #0 - SUBJECT ADDED ENTRY--TOPICAL TERM |
| Topical term or geographic name entry element |
Madrasahs |
| Geographic subdivision |
Pakistan. |
| 9 (RLIN) |
17086 |
| 710 2# - ADDED ENTRY--CORPORATE NAME |
| Corporate name or jurisdiction name as entry element |
Pak Institute for Peace Studies. |
| 9 (RLIN) |
7144 |
| 856 40 - ELECTRONIC LOCATION AND ACCESS |
| Uniform Resource Identifier |
<a href="https://www.pakpips.com/web/wp-content/uploads/2018/01/Exploring_the_Madrassah_Mindset.pdf">https://www.pakpips.com/web/wp-content/uploads/2018/01/Exploring_the_Madrassah_Mindset.pdf</a> |
| 906 ## - LOCAL DATA ELEMENT F, LDF (RLIN) |
| a |
0 |
| b |
ibc |
| c |
origode |
| d |
u |
| e |
ncip |
| f |
20 |
| g |
y-gencompf |
| 942 ## - ADDED ENTRY ELEMENTS (KOHA) |
| Source of classification or shelving scheme |
|
| Koha item type |
Book |